000 00208 a2200097 4500
001 47313
100 _aThal H
245 _aFamous Land battles
260 _aLondon
_bArthur barker
_c
090 _c30351
_d30351
942 _aNUST-CAE
_cM
_c22616
999 _c282386
_d282386